[Event "ITA-chT GpA 55th"]
[Site "Vasto"]
[Date "2024.04.11"]
[Round "6.4"]
[White "Maldonado Gonzales, Stefano"]
[Black "Gilevich, Artem"]
[Result "0-1"]
[WhiteElo "2218"]
[BlackElo "2417"]
[PlyCount "82"]
[EventDate "2024.04.08"]
[EventType "team-tourn"]
[EventRounds "7"]
[EventCountry "ITA"]
[SourceTitle "CB16_2024"]
[SourceDate "2024.04.17"]
[SourceVersion "1"]
[SourceVersionDate "2024.04.17"]
[SourceQuality "1"]
[WhiteTeam "Costa Smeralda"]
[BlackTeam "Padova Obiettivo"]
[WhiteTeamCountry "ITA"]
[BlackTeamCountry "ITA"]

1. e4 e6 2. d4 d5 3. Nc3 Bb4 4. Nge2 Nf6 5. e5 Nfd7 6. a3 Be7 7. f4 c5 8. Be3 Nc6 9. dxc5 Bxc5 10. Nd4 Qe7 11. Na4 Bxd4 12. Bxd4 Ndxe5 13. Bb5 Nd7 14. 0-0 Nxd4 15. Qxd4 0-0 16. f5 exf5 17. Qxd5 Nf6 18. Qc5 Qxc5+ 19. Nxc5 b6 20. Bc6 Rb8 21. Nb3 g6 22. Rfe1 Bb7 23. Nd4 Rfc8 24. Bxb7 Rxb7 25. c3 Rd7 26. h3 Ne4 27. g4 Ng5 28. gxf5 Nxh3+ 29. Kh2 Nf4 30. fxg6 hxg6 31. Rad1 Rcd8 32. Rb1 Kg7 33. Re4 Rh8+ 34. Kg1 Nh3+ 35. Kg2 f5 36. Re3 Ng5 37. Rd1 Kf6 38. Rf1 Rdh7 39. Ne2 Rh2+ 40. Kg1 Ne4 41. Rxe4 Rh1+ 0-1

[Event "ITA-chT GpA 55th"]
[Site "Vasto"]
[Date "2024.04.09"]
[Round "3.4"]
[White "Gilevich, Artem"]
[Black "Belli, Giorgio"]
[Result "1-0"]
[WhiteElo "2417"]
[BlackElo "2109"]
[PlyCount "73"]
[EventDate "2024.04.08"]
[EventType "team-tourn"]
[EventRounds "7"]
[EventCountry "ITA"]
[SourceTitle "CB16_2024"]
[SourceDate "2024.04.17"]
[SourceVersion "1"]
[SourceVersionDate "2024.04.17"]
[SourceQuality "1"]
[WhiteTeam "Padova Obiettivo"]
[BlackTeam "Palmascacchi Blacks"]
[WhiteTeamCountry "ITA"]
[BlackTeamCountry "ITA"]

1. e4 c5 2. Nf3 d6 3. d4 cxd4 4. Nxd4 Nf6 5. f3 e5 6. Nb3 Be6 7. c4 Nbd7 8. Be3 Rc8 9. Nc3 Bxc4 10. Bxc4 Rxc4 11. Qd3 Rc6 12. g4 Be7 13. 0-0-0 a6 14. Kb1 0-0 15. h4 Re8 16. Qd2 Nf8 17. g5 Nh5 18. Nd5 Ne6 19. Na5 Rc8 20. Nxb7 Qd7 21. Nxe7+ Qxe7 22. Nxd6 Rcd8 23. Qd5 Nd4 24. Bxd4 Rxd6 25. Bc5 Rxd5 26. Bxe7 Rxd1+ 27. Rxd1 f5 28. gxf6 gxf6 29. Rd7 Kf7 30. Bd6+ Kg6 31. Ra7 Re6 32. Rxa6 f5 33. Rb6 fxe4 34. fxe4 Nf6 35. Bc5 Rxb6 36. Bxb6 Nxe4 37. a4 1-0

[Event "ITA-ch 82nd"]
[Site "Brescia"]
[Date "2023.12.07"]
[Round "9"]
[White "Gilevich, Artem"]
[Black "Carnicelli, Valerio"]
[Result "1/2-1/2"]
[WhiteElo "2408"]
[BlackElo "2423"]
[PlyCount "32"]
[EventDate "2023.11.28"]
[EventType "tourn"]
[EventRounds "11"]
[EventCountry "ITA"]
[EventCategory "9"]
[SourceTitle "CB50_2023"]
[SourceDate "2023.12.13"]
[SourceVersion "1"]
[SourceVersionDate "2023.12.13"]
[SourceQuality "1"]

1. d4 Nf6 2. c4 g6 3. Nc3 Bg7 4. e4 d6 5. Be2 0-0 6. Be3 e5 7. d5 Na6 8. h4 Nc5 9. Qc2 h5 10. f3 a5 11. Nh3 c6 12. Nf2 cxd5 13. cxd5 a4 14. Nb5 b6 15. Qd2 Bb7 16. 0-0-0 Qd7 1/2-1/2

[Event "ITA-ch 82nd"]
[Site "Brescia"]
[Date "2023.12.02"]
[Round "5"]
[White "Basso, Pier Luigi"]
[Black "Gilevich, Artem"]
[Result "1/2-1/2"]
[WhiteElo "2483"]
[BlackElo "2408"]
[PlyCount "51"]
[EventDate "2023.11.28"]
[EventType "tourn"]
[EventRounds "11"]
[EventCountry "ITA"]
[EventCategory "9"]
[SourceTitle "CB50_2023"]
[SourceDate "2023.12.13"]
[SourceVersion "1"]
[SourceVersionDate "2023.12.13"]
[SourceQuality "1"]

1. e4 e5 2. Nf3 Nf6 3. d4 Nxe4 4. Bd3 d5 5. Nxe5 Nd7 6. Nxd7 Bxd7 7. 0-0 Bd6 8. Nc3 Nxc3 9. bxc3 h5 10. Rb1 b6 11. c4 Qh4 12. g3 Qxd4 13. Bb2 Qg4 14. Qxg4 hxg4 15. Bxg7 dxc4 16. Bxh8 cxd3 17. cxd3 Be6 18. a4 Be7 19. Be5 0-0-0 20. Rfc1 Rd7 21. Rc3 Bg5 22. Rb2 Bd5 23. f4 Be7 24. a5 bxa5 25. h4 gxh3 26. Kh2 1/2-1/2

[Event "Mediterranean-ch 13th"]
[Site "Platja d'Aro"]
[Date "2023.11.07"]
[Round "5"]
[White "Lever, Erwan"]
[Black "Gilevich, Artem"]
[Result "1/2-1/2"]
[WhiteElo "2174"]
[BlackElo "2416"]
[PlyCount "61"]
[EventDate "2023.11.04"]
[EventType "swiss"]
[EventRounds "9"]
[EventCountry "ESP"]
[SourceTitle "CB46_2023"]
[SourceDate "2023.11.15"]
[SourceVersion "1"]
[SourceVersionDate "2023.11.15"]
[SourceQuality "1"]

1. d4 d5 2. Nf3 Nf6 3. g3 e6 4. c4 Be7 5. Bg2 0-0 6. Nc3 c6 7. 0-0 b6 8. b3 Ba6 9. Ne5 Nfd7 10. cxd5 cxd5 11. Nxd5 exd5 12. Nxf7 Rxf7 13. Bxd5 Bb5 14. Bxa8 Nc6 15. Bxc6 Bxc6 16. f3 Nf8 17. Bb2 h5 18. e4 h4 19. d5 Bb5 20. Rf2 Nh7 21. f4 Nf6 22. d6 Qxd6 23. Qxd6 Bxd6 24. e5 Bc5 25. exf6 Rd7 26. Bc3 Rd3 27. Be1 hxg3 28. hxg3 Rxg3+ 29. Kh2 Bxf2 30. Bxf2 Rf3 31. Bg3 1/2-1/2

[Event "Mediterranean-ch 13th"]
[Site "Platja d'Aro"]
[Date "2023.11.05"]
[Round "2"]
[White "Gilevich, Artem"]
[Black "Banos, Oscar Francisco"]
[Result "1-0"]
[WhiteElo "2416"]
[BlackElo "2188"]
[PlyCount "82"]
[EventDate "2023.11.04"]
[EventType "swiss"]
[EventRounds "9"]
[EventCountry "ESP"]
[SourceTitle "CB46_2023"]
[SourceDate "2023.11.15"]
[SourceVersion "1"]
[SourceVersionDate "2023.11.15"]
[SourceQuality "1"]

1. Nf3 d5 2. d4 Nf6 3. c4 e6 4. e3 Nbd7 5. Bd3 b6 6. cxd5 exd5 7. 0-0 Bd6 8. Nc3 Bb7 9. b3 a6 10. Bb2 0-0 11. Rc1 Re8 12. Rc2 Ne4 13. Qc1 Rc8 14. Ba3 c5 15. Ne2 b5 16. dxc5 Ndxc5 17. Bxc5 Nxc5 18. Bf5 Rc7 19. Rd1 g6 20. Bh3 b4 21. Nfd4 Qe7 22. g3 Bc8 23. Bg2 Be6 24. Nf4 Bxf4 25. gxf4 Rec8 26. Qb1 Bg4 27. Rdc1 Qd7 28. Re1 Bh3 29. Bf3 Bg4 30. Bh1 Bh3 31. Bf3 Bg4 32. Bh1 Bh3 33. Qd1 Ne4 34. Rxc7 Rxc7 35. Bxe4 dxe4 36. f3 exf3 37. Qxf3 Rc3 38. Kf2 Qc8 39. Rg1 Bf5 40. Qd5 Rd3 41. Qe5 Bg4 1-0

[Event "La Giostra della Rocca"]
[Site "Monselice"]
[Date "2023.09.10"]
[Round "8"]
[White "Gilevich, Artem"]
[Black "Basso, Pier Luigi"]
[Result "0-1"]
[WhiteElo "2416"]
[BlackElo "2493"]
[PlyCount "112"]
[EventDate "2023.09.10"]
[EventType "tourn"]
[EventRounds "9"]
[EventCountry "ITA"]
[EventCategory "9"]
[SourceTitle "EXT 2024"]
[Source "ChessBase"]
[SourceDate "2023.10.10"]
[SourceVersion "1"]
[SourceVersionDate "2023.10.10"]
[SourceQuality "1"]

1. d4 d5 2. c4 c6 3. cxd5 cxd5 4. Nc3 Nf6 5. Nf3 Nc6 6. Bf4 Bf5 7. e3 e6 8. Bd3 Bb4 9. Bxf5 exf5 10. 0-0 Bxc3 11. bxc3 Ne4 12. Rc1 0-0 13. c4 dxc4 14. Rxc4 Qd5 15. Qc2 Rac8 16. Rc1 Nb4 17. Qe2 Rxc4 18. Rxc4 Nc6 19. Qc2 h6 20. h4 Kh7 21. Ne5 Nxe5 22. Bxe5 f6 23. Bh2 b5 24. Rc7 b4 25. Rxa7 Rf7 26. Rxf7 Qxf7 27. f3 Nc3 28. a3 Qe6 29. Bf4 Nd5 30. axb4 Nxb4 31. Qd2 Nd5 32. Kf2 g5 33. hxg5 hxg5 34. Bg3 Kg6 35. Qd3 Nb4 36. Qd2 Qc4 37. Kg1 Nd3 38. Bf2 Qb5 39. Kh2 Qb1 40. Bg3 Qb5 41. Qc2 f4 42. exf4 gxf4 43. Bxf4 Qh5+ 44. Kg1 Qf5 45. Be3 Qb5 46. Qe2 Qb1+ 47. Kh2 Qb5 48. g4 Qc4 49. f4 f5 50. gxf5+ Kxf5 51. Qf3 Ne1 52. Qh3+ Ke4 53. Bf2 Nf3+ 54. Kg3 Qg8+ 55. Qg4 Qb3 56. Qe6+ Qxe6 0-1

[Event "La Giostra della Rocca"]
[Site "Monselice"]
[Date "2023.09.10"]
[Round "1"]
[White "Gilevich, Artem"]
[Black "Ceres, Dragos"]
[Result "1-0"]
[WhiteElo "2416"]
[BlackElo "2453"]
[PlyCount "73"]
[EventDate "2023.09.10"]
[EventType "tourn"]
[EventRounds "9"]
[EventCountry "ITA"]
[EventCategory "9"]
[SourceTitle "EXT 2024"]
[Source "ChessBase"]
[SourceDate "2023.10.10"]
[SourceVersion "1"]
[SourceVersionDate "2023.10.10"]
[SourceQuality "1"]

1. d4 d5 2. c4 e6 3. Nc3 c6 4. e3 f5 5. Bd3 Bd6 6. Nf3 Nh6 7. 0-0 0-0 8. Rb1 Nf7 9. b4 g5 10. b5 g4 11. Nd2 Nd7 12. bxc6 bxc6 13. Qa4 Qc7 14. f4 gxf3 15. Nxf3 Nf6 16. Ba3 Ng4 17. Bxd6 Qxd6 18. Rfe1 Ng5 19. Qc2 Kh8 20. cxd5 exd5 21. h3 Nxf3+ 22. gxf3 Nf6 23. f4 Ne4 24. Kh2 Bd7 25. Rg1 Rae8 26. Bxe4 fxe4 27. Rg3 Rg8 28. Rbg1 Rxg3 29. Rxg3 Qh6 30. Qg2 Rb8 31. Rg5 Be6 32. Na4 Bf7 33. Nc5 Qh4 34. Nd7 Rc8 35. Ne5 Be6 36. f5 h6 37. Ng6+ 1-0

[Event "La Giostra della Rocca"]
[Site "Monselice"]
[Date "2023.09.10"]
[Round "9"]
[White "Godena, Michele"]
[Black "Gilevich, Artem"]
[Result "1-0"]
[WhiteElo "2429"]
[BlackElo "2416"]
[PlyCount "53"]
[EventDate "2023.09.10"]
[EventType "tourn"]
[EventRounds "9"]
[EventCountry "ITA"]
[EventCategory "9"]
[SourceTitle "EXT 2024"]
[Source "ChessBase"]
[SourceDate "2023.10.10"]
[SourceVersion "1"]
[SourceVersionDate "2023.10.10"]
[SourceQuality "1"]

1. e4 e5 2. Nf3 Nf6 3. Nxe5 d6 4. Nf3 Nxe4 5. Bd3 Nf6 6. 0-0 Be7 7. h3 0-0 8. c3 b6 9. Bc2 Bb7 10. d4 Nbd7 11. Re1 Re8 12. c4 d5 13. cxd5 Nxd5 14. Nc3 N7f6 15. Ba4 c6 16. Ne5 Rc8 17. Qf3 b5 18. Bb3 c5 19. dxc5 b4 20. c6 bxc3 21. cxb7 Rc7 22. bxc3 Bd6 23. Bxd5 Bxe5 24. Rb1 Rxc3 25. Qxc3 Bxc3 26. Rxe8+ Nxe8 27. b8Q 1-0

[Event "La Giostra della Rocca"]
[Site "Monselice"]
[Date "2023.09.10"]
[Round "5"]
[White "Rossi, Carlo"]
[Black "Gilevich, Artem"]
[Result "0-1"]
[WhiteElo "2245"]
[BlackElo "2416"]
[PlyCount "94"]
[EventDate "2023.09.10"]
[EventType "tourn"]
[EventRounds "9"]
[EventCountry "ITA"]
[EventCategory "9"]
[SourceTitle "EXT 2024"]
[Source "ChessBase"]
[SourceDate "2023.10.10"]
[SourceVersion "1"]
[SourceVersionDate "2023.10.10"]
[SourceQuality "1"]

1. d4 d5 2. Bg5 c6 3. e3 h6 4. Bh4 Qb6 5. b3 e5 6. Nf3 Nd7 7. Be2 e4 8. Nfd2 Ne7 9. c4 Nf5 10. Bg3 Nxg3 11. hxg3 Nf6 12. Nc3 Bb4 13. Qc2 Qa5 14. Rc1 Be6 15. Ndb1 0-0 16. 0-0 h5 17. Qb2 Rae8 18. a3 Bd6 19. b4 Qd8 20. cxd5 cxd5 21. Na4 Bb8 22. Nc5 Bc8 23. Rc2 Qd6 24. Bb5 Rd8 25. Nc3 h4 26. Ne2 Ng4 27. Qc1 Qh6 28. f4 hxg3 29. Rd1 Qh4 30. Kf1 Nh2+ 31. Ke1 Nf3+ 32. gxf3 exf3 33. Kd2 fxe2 34. Kxe2 Bg4+ 35. Kd3 Qh7+ 36. Kc3 Bxd1 37. Qxd1 b6 38. Bd3 Qh6 39. Nb3 Rc8+ 40. Kb2 Rxc2+ 41. Bxc2 Qh2 42. Nd2 Rc8 43. Bf5 Re8 44. Qc2 g2 45. Nf3 Qg3 46. Ng1 Qxe3 47. Qxg2 Qxd4+ 0-1

[Event "ITA-ch sf 82nd"]
[Site "Villesse"]
[Date "2023.07.18"]
[Round "5"]
[White "Gilevich, Artem"]
[Black "Lettieri, Giuseppe"]
[Result "1-0"]
[WhiteElo "2413"]
[BlackElo "2379"]
[PlyCount "105"]
[EventDate "2023.07.15"]
[EventType "swiss"]
[EventRounds "9"]
[EventCountry "ITA"]
[SourceTitle "CBM 215 Extra"]
[Source "ChessBase"]
[SourceDate "2023.09.30"]
[SourceVersion "1"]
[SourceVersionDate "2023.09.30"]
[SourceQuality "1"]

1. e4 c5 2. Nf3 d6 3. d4 cxd4 4. Nxd4 Nf6 5. f3 e5 6. Nb3 Be7 7. c4 a5 8. Be3 a4 9. N3d2 0-0 10. Be2 Nc6 11. Nc3 Qa5 12. 0-0 Nd4 13. Ndb1 Qb4 14. Qd2 Nxe2+ 15. Qxe2 Be6 16. Na3 Rfc8 17. Nd5 Nxd5 18. exd5 Bd7 19. Rac1 Bd8 20. Rfd1 Bb6 21. Bxb6 Qxb6+ 22. Qf2 Ra6 23. Qxb6 Rxb6 24. Rd2 Rb4 25. Rc3 f5 26. b3 axb3 27. axb3 f4 28. g4 fxg3 29. hxg3 Ra8 30. Nc2 Rb6 31. b4 Rba6 32. c5 Ra2 33. c6 Bc8 34. c7 Rb2 35. Rg2 Kf7 36. f4 exf4 37. gxf4 Raa2 38. f5 Kf6 39. Kh2 Ra8 40. Ne3 Rxb4 41. Nc4 Rb5 42. Re3 Bd7 43. Rf2 Ra4 44. Re6+ Kg5 45. Rg2+ Kh5 46. Rxd6 Bxf5 47. Ne3 Rh4+ 48. Kg1 Rb1+ 49. Kf2 Rc1 50. Nxf5 Rf4+ 51. Ke3 Rxf5 52. Rxg7 Rf8 53. Rb6 1-0

[Event "Cesme op-A 9th"]
[Site "Cesme"]
[Date "2023.06.24"]
[Round "8"]
[White "Odeev, Handszar"]
[Black "Gilevich, Artem"]
[Result "1/2-1/2"]
[WhiteElo "2245"]
[BlackElo "2410"]
[PlyCount "29"]
[EventDate "2023.06.19"]
[EventType "swiss"]
[EventRounds "9"]
[EventCountry "TUR"]
[SourceTitle "CBM 214 Extra"]
[Source "ChessBase"]
[SourceDate "2023.07.31"]
[SourceVersion "1"]
[SourceVersionDate "2023.07.31"]
[SourceQuality "1"]

1. e4 e5 2. Nf3 Nf6 3. Nc3 Nc6 4. h3 Bb4 5. Nd5 0-0 6. Nxb4 Nxb4 7. c3 Nc6 8. d3 d5 9. Qc2 Re8 10. Be2 Qd6 11. 0-0 a5 12. Bg5 Nh5 13. Rfe1 h6 14. Be3 Nf6 15. Rad1 1/2-1/2

[Event "Cesme op-A 9th"]
[Site "Cesme"]
[Date "2023.06.22"]
[Round "5"]
[White "Gilevich, Artem"]
[Black "Quparadze, Giga"]
[Result "1/2-1/2"]
[WhiteElo "2410"]
[BlackElo "2514"]
[PlyCount "112"]
[EventDate "2023.06.19"]
[EventType "swiss"]
[EventRounds "9"]
[EventCountry "TUR"]
[SourceTitle "CBM 214 Extra"]
[Source "ChessBase"]
[SourceDate "2023.07.31"]
[SourceVersion "1"]
[SourceVersionDate "2023.07.31"]
[SourceQuality "1"]

1. Nf3 Nf6 2. c4 c5 3. Nc3 Nc6 4. e3 e6 5. d4 d5 6. cxd5 exd5 7. Bb5 Bd6 8. dxc5 Bxc5 9. 0-0 0-0 10. b3 a6 11. Bxc6 bxc6 12. Bb2 Bd6 13. Rc1 Bg4 14. Ne2 c5 15. Ng3 Be6 16. Qc2 h6 17. Nf5 Bc7 18. Qxc5 Bxh2+ 19. Nxh2 Bxf5 20. Qc7 Ne4 21. Qe5 Qg5 22. Nf3 Qg4 23. Nd4 Bh7 24. f3 Qg3 25. Qxg3 Nxg3 26. Rfd1 Rfe8 27. Kf2 Nf5 28. Nxf5 Bxf5 29. Rxd5 Be6 30. Ra5 Rec8 31. g4 Rxc1 32. Bxc1 Rc8 33. Bd2 Rc6 34. Bb4 f6 35. e4 Kf7 36. Ke3 g6 37. Kd4 Bc8 38. Bc3 Rd6+ 39. Ke3 Rc6 40. Kd3 Be6 41. Bd4 Bc8 42. Be3 Rd6+ 43. Ke2 Bd7 44. Rc5 g5 45. Rc7 Ke8 46. a4 Rc6 47. Rxc6 Bxc6 48. Kd3 Bd7 49. Bd4 Ke7 50. Bc5+ Kf7 51. Kd4 Be8 52. a5 Bb5 53. b4 Be2 54. Ke3 Bb5 55. Bd6 Bc4 56. f4 gxf4+ 1/2-1/2

[Event "Cesme op-A 9th"]
[Site "Cesme"]
[Date "2023.06.20"]
[Round "2"]
[White "Lintchevski, Daniil"]
[Black "Gilevich, Artem"]
[Result "1/2-1/2"]
[WhiteElo "2551"]
[BlackElo "2410"]
[PlyCount "32"]
[EventDate "2023.06.19"]
[EventType "swiss"]
[EventRounds "9"]
[EventCountry "TUR"]
[SourceTitle "CBM 214 Extra"]
[Source "ChessBase"]
[SourceDate "2023.07.31"]
[SourceVersion "1"]
[SourceVersionDate "2023.07.31"]
[SourceQuality "1"]

1. e4 e5 2. Nf3 Nf6 3. d4 Nxe4 4. Bd3 d5 5. Nxe5 Nd7 6. Nc3 Nxc3 7. bxc3 Bd6 8. 0-0 0-0 9. Re1 c5 10. Nxd7 Bxd7 11. Qh5 g6 12. Qxd5 Bc6 13. Qg5 cxd4 14. Qxd8 Rfxd8 15. Bg5 Rd7 16. c4 Kg7 1/2-1/2

[Event "ITA-chT GpB 54th"]
[Site "Bacoli"]
[Date "2023.04.28"]
[Round "6"]
[White "Gilevich, Artem"]
[Black "Seresin, Francesco"]
[Result "1-0"]
[WhiteElo "2411"]
[BlackElo "2348"]
[PlyCount "129"]
[EventDate "2023.04.25"]
[EventType "team-tourn"]
[EventRounds "7"]
[EventCountry "ITA"]
[SourceTitle "CBM 213 Extra"]
[Source "ChessBase"]
[SourceDate "2023.05.31"]
[SourceVersion "1"]
[SourceVersionDate "2023.05.31"]
[SourceQuality "1"]
[WhiteTeam "Etna Scacchi"]
[BlackTeam "Milan Accademia"]
[WhiteTeamCountry "ITA"]
[BlackTeamCountry "ITA"]

1. d4 d5 2. c4 e6 3. Nc3 Nf6 4. cxd5 exd5 5. Bg5 Be7 6. e3 c6 7. Bd3 h6 8. Bh4 0-0 9. h3 Re8 10. Bg3 Bd6 11. Bxd6 Qxd6 12. Qc2 Nbd7 13. Nf3 Qe7 14. 0-0-0 Ne4 15. Bxe4 dxe4 16. Nd2 Nf6 17. g4 c5 18. Nc4 cxd4 19. Rxd4 Be6 20. Nd6 Red8 21. Rhd1 Rd7 22. Ndxe4 Rc7 23. Kb1 Nxe4 24. Qxe4 Rac8 25. Qd3 g6 26. Rd8+ Rxd8 27. Qxd8+ Qxd8 28. Rxd8+ Kg7 29. Nb5 Rc5 30. Nd4 Kf6 31. f4 Bd5 32. b4 Be4+ 33. Kb2 Rc4 34. a3 g5 35. Rd6+ Ke7 36. Rxh6 gxf4 37. Kb3 Rc1 38. exf4 Rf1 39. f5 Rd1 40. Ne2 Rd3+ 41. Nc3 Rg3 42. Kc4 Bg2 43. Kd4 Bxh3 44. f6+ Kd7 45. Ne4 Rxa3 46. Rh7 Bxg4 47. Rxf7+ Kc6 48. Rg7 Be6 49. Re7 Bg8 50. Rg7 Be6 51. Nc5 Rf3 52. Nxe6 Rxf6 53. Nd8+ Kb5 54. Rxb7+ Ka4 55. Kc5 Rf5+ 56. Kc6 Rf6+ 57. Kd5 Rf5+ 58. Kc6 Rf6+ 59. Kc7 a6 60. Nc6 Rh6 61. Kb6 Kb3 62. Ra7 Kc4 63. Rxa6 Kd5 64. b5 Rh7 65. Ra4 1-0

[Event "ITA-chT GpB 54th"]
[Site "Bacoli"]
[Date "2023.04.26"]
[Round "3"]
[White "Gilevich, Artem"]
[Black "Favaloro, Andrea"]
[Result "1/2-1/2"]
[WhiteElo "2411"]
[BlackElo "2403"]
[PlyCount "38"]
[EventDate "2023.04.25"]
[EventType "team-tourn"]
[EventRounds "7"]
[EventCountry "ITA"]
[SourceTitle "CBM 213 Extra"]
[Source "ChessBase"]
[SourceDate "2023.05.31"]
[SourceVersion "1"]
[SourceVersionDate "2023.05.31"]
[SourceQuality "1"]
[WhiteTeam "Etna Scacchi"]
[BlackTeam "Palermitano CPS"]
[WhiteTeamCountry "ITA"]
[BlackTeamCountry "ITA"]

1. d4 d5 2. c4 e6 3. Nc3 Nf6 4. cxd5 exd5 5. Bg5 Be7 6. e3 0-0 7. Bd3 Re8 8. Nf3 h6 9. Bh4 c6 10. Bg3 Bg4 11. h3 Bxf3 12. Qxf3 Nbd7 13. 0-0 Nf8 14. Be5 N6d7 15. Bh2 Nf6 16. Rab1 a5 17. Be5 N6d7 18. Bh2 Nf6 19. Be5 N6d7 1/2-1/2

[Event "ITA-chTA 53rd"]
[Site "Montesilvano"]
[Date "2022.04.19"]
[Round "1.3"]
[White "Sibilio, Mario"]
[Black "Gilevich, Artem"]
[Result "1/2-1/2"]
[WhiteElo "2292"]
[BlackElo "2414"]
[PlyCount "107"]
[EventDate "2022.04.19"]
[EventType "team-tourn"]
[EventRounds "7"]
[EventCountry "ITA"]
[SourceTitle "CBM 207 Extra"]
[Source "ChessBase"]
[SourceDate "2022.05.31"]
[SourceVersion "1"]
[SourceVersionDate "2022.05.31"]
[SourceQuality "1"]
[WhiteTeam "Bologna Le Due Torri"]
[BlackTeam "Catania Etna Scacchi"]
[WhiteTeamCountry "ITA"]
[BlackTeamCountry "ITA"]

1. e4 c5 2. Nf3 Nf6 3. e5 Nd5 4. Bc4 Nb6 5. d3 Nc6 6. Bb3 d5 7. exd6 Qxd6 8. Be3 Bf5 9. Nc3 e6 10. 0-0 Be7 11. Nd2 Nd4 12. Nce4 Qc7 13. Bxd4 cxd4 14. Ng3 Bg6 15. f4 0-0 16. f5 exf5 17. Nxf5 Rad8 18. Qf3 Kh8 19. Rae1 Bb4 20. Re2 f6 21. Ne4 Nd7 22. a3 Ne5 23. Qh3 Be7 24. Neg3 Qd7 25. Re4 Bc5 26. Ref4 b6 27. Qh4 a5 28. Ne4 Be7 29. a4 Qc7 30. Nxe7 Qxe7 31. Ng3 Qd7 32. Nf5 Nc6 33. Qf2 Rfe8 34. Bc4 Re5 35. Nh4 Qd6 36. Nxg6+ hxg6 37. Rh4+ Rh5 38. g4 Rh6 39. Rxh6+ gxh6 40. Qxf6+ Qxf6 41. Rxf6 Ne5 42. h3 Rc8 43. Bb3 Rc6 44. Rf8+ Kg7 45. Re8 Nf3+ 46. Kf2 Rf6 47. Kg3 Nd2 48. Re7+ Kf8 49. Re6 Nf1+ 50. Kg2 Ne3+ 51. Kg3 Nf1+ 52. Kg2 Ne3+ 53. Kg3 Nf1+ 54. Kg2 1/2-1/2

[Event "Bassano del Grappa Easter op-A 2nd"]
[Site "Bassano del Grappa"]
[Date "2022.04.14"]
[Round "1"]
[White "Gilevich, Artem"]
[Black "Urbani, Gabriel"]
[Result "1-0"]
[WhiteElo "2414"]
[BlackElo "2056"]
[PlyCount "73"]
[EventDate "2022.04.14"]
[EventType "swiss"]
[EventRounds "9"]
[EventCountry "ITA"]
[SourceTitle "EXT 2024"]
[Source "ChessBase"]
[SourceDate "2023.10.10"]
[SourceVersion "1"]
[SourceVersionDate "2023.10.10"]
[SourceQuality "1"]

1. d4 d5 2. c4 e6 3. Nc3 Nf6 4. Bg5 Be7 5. e3 0-0 6. cxd5 exd5 7. Bd3 Nbd7 8. Nf3 b6 9. 0-0 Bb7 10. Qe2 c5 11. Rfd1 Re8 12. Ba6 Qc8 13. Bxb7 Qxb7 14. Rac1 Rac8 15. dxc5 bxc5 16. Qb5 Qxb5 17. Nxb5 Nb6 18. Bxf6 gxf6 19. Nh4 a6 20. Nc3 Red8 21. Nf5 Bf8 22. Rc2 Rc6 23. Rcd2 c4 24. e4 Re6 25. Nxd5 Nxd5 26. exd5 Re5 27. Ne3 Bb4 28. Nxc4 Re4 29. Rd4 Re2 30. g3 Kf8 31. Kg2 Bc5 32. R4d2 Re4 33. b3 Rd7 34. Kf3 Re8 35. d6 Rb8 36. Rd5 Bb4 37. R1d3 1-0